Visualizzazione normale
Vista MARC
- Swarup Vikas
di Personal Name
Records bibliografici associati: 1
001 - CONTROL NUMBER
- control field: 47124
003 - CONTROL NUMBER IDENTIFIER
- control field: IT-RoPau
005 - DATE AND TIME OF LATEST TRANSACTION
- control field: 20151130223440.0
008 - FIXED-LENGTH DATA ELEMENTS
- fixed length control field: 151130|| aca||aabn | a|a d
040 ## - CATALOGING SOURCE
- Original cataloging agency: IT-RoPau
- Transcribing agency: IT-RoPau
100 ## - HEADING--PERSONAL NAME
- Personal name: Swarup Vikas
- Relator term: (soggetto)
- Miscellaneous information: Codice Soggetto SPICS: 59756
670 ## - SOURCE DATA FOUND
- Source citation: Work cat.: (IT-RoPau)106483: Boyle Danny Codice regista SPICS: 49084 40513, MILLIONAIRE (THE) MILLIONAIRE (THE) (Rif. Codice opera principale : H9420)